000 00692nam a22002177a 4500
005 20251108170508.0
008 250721s2002 xx 000 0 ara d
020 _a9957072811
082 1 4 _a380.956/إبر
100 1 _aإبراهيم، حقي إسماعيل
245 1 0 _aأسواق العرب التجارية في شبه الجزيرة العربية /
264 1 _aعمان :
_bدار الفكر،
_c2002.
300 _a239ص.
650 1 7 _aالتجارة
650 1 7 _aالأسواق التجارية
650 1 7 _aتاريخ العرب
650 1 7 _aالتاريخ الإسلامي
650 1 7 _aشبه الجزيرة العربية
942 _2ddc
_cBK
999 _c41880
_d41880